| 000 | 01095nam a22003137a 4500 | ||
|---|---|---|---|
| 003 | CHAP | ||
| 005 | 20220817042858.0 | ||
| 008 | 971013c19811973 r 00010 d | ||
| 010 | _a58618 | ||
| 011 | _a59590 | ||
| 035 | _a63749 | ||
| 040 | _cCHAP | ||
| 082 |
_a335.4 _bS9Y |
||
| 100 | 0 | 0 |
_aSweezy, Paul M. _9110885 |
| 245 | _aAlgunos problemas actuales del socialismo | ||
| 260 |
_aMéxico : _bSiglo XXI, _c1981 (c1973) |
||
| 300 | _a125 p. | ||
| 490 |
_aBiblioteca del Pensamiento Socialista. _pSerie ensayos críticos _v; Serie ensayos críticos |
||
| 590 |
_aBATCH-UPD _b10 _c20130110 _lUCH01 _h0130 |
||
| 590 |
_aBATCH-UPD _b10 _c20130110 _lUCH01 _h1003 |
||
| 590 |
_aCONVERSION _b10 _c20130109 _lUCH01 _h1331 |
||
| 650 | 1 | 4 |
_aSocialismo. _9108040 |
| 700 | 0 |
_aBettelheim, Charles. _912084 |
|
| 830 |
_aBiblioteca del Pensamiento Socialista. _pSerie ensayos críticos _v; Serie ensayos críticos |
||
| 901 | _aBK | ||
| 942 | _cLIBRO | ||
| 949 |
_a335.4 S9Y _bBC _cLIBRO _d33724000342481 _eLIBRO _fc.2 _h67239 _i63749 _si |
||
| 949 |
_a335.4 S9Y _bBC _cLIBRO _d33724000342499 _eLIBRO _h67238 _i63749 _si |
||
| 999 |
_c58618 _d58618 |
||